[Event "Titled Tue 27th May Late"]
[Site "chess.com INT"]
[Date "2025.05.27"]
[Round "8"]
[White "Kravtsiv, Martyn"]
[Black "Carlsson, Ludvig"]
[Result "1-0"]
[WhiteTitle "GM"]
[BlackTitle "IM"]
[WhiteElo "2598"]
[BlackElo "2374"]
[WhiteFideId "14113147"]
[BlackFideId "1727010"]
[EventDate "2025.05.27"]

1. e4 e5 2. Nf3 Nf6 3. Nc3 Nc6 4. a4 d5 5. exd5 Nxd5 6. Bb5 Nxc3 7. bxc3 Bd6 8.
O-O O-O 9. d4 exd4 10. cxd4 h6 11. c3 Qf6 12. a5 a6 13. Bd3 Bg4 14. h3 Bxf3 15.
Qxf3 Qxf3 16. gxf3 Rfe8 17. Bd2 Ne7 18. Rfb1 Ra7 19. Be4 c6 20. c4 f5 21. Bd3 c5
22. d5 g6 23. Bxh6 Be5 24. Ra3 Nc8 25. Be3 Bd6 26. Rab3 Re7 27. Kf1 Kf7 28. h4
f4 29. Bc1 Be5 30. Ba3 Rc7 31. Rb6 Bd6 32. Be4 Kf6 33. Ke2 Ra8 34. Rg1 Nxb6 35.
Rxg6+ Kf7 36. axb6 Rd7 37. Bb2 Rg8 38. Rf6+ Ke8 39. h5 Be7 40. Re6 Rd6 41. h6
Rxe6 42. dxe6 Bd8 43. h7 Rf8 44. h8=Q Rxh8 45. Bxh8 Bxb6 46. Bxb7 Ke7 47. Bxa6
Kxe6 48. Kd3 Kf5 49. Bc8+ Kg5 50. Ke4 Ba5 51. Be5 Bd2 52. Bd6 1-0

[Event "Titled Tue 27th May Late"]
[Site "chess.com INT"]
[Date "2025.05.27"]
[Round "8"]
[White "Kang, Dorian"]
[Black "Kalyani Sirin"]
[Result "0-1"]
[WhiteTitle "CM"]
[BlackTitle "WFM"]
[WhiteElo "2047"]
[BlackElo "2136"]
[WhiteFideId "2619156"]
[BlackFideId "33323500"]
[EventDate "2025.05.27"]

1. e4 c5 2. Nf3 d6 3. d4 cxd4 4. Nxd4 Nf6 5. f3 e5 6. Nb3 Nc6 7. c4 Be6 8. Be3
Be7 9. Nc3 a5 10. Nd5 Nd7 11. Be2 a4 12. Nc1 O-O 13. O-O Nc5 14. Nd3 Bxd5 15.
cxd5 Nd4 16. Bxd4 exd4 17. Qe1 Nxd3 18. Bxd3 Qb6 19. Qf2 Rfc8 20. Rfc1 Rc5 21.
Rxc5 Qxc5 22. Qc2 Qb6 23. Rf1 g6 24. Kh1 Kg7 25. f4 Ra5 26. Bc4 Rc5 27. b3 Qc7
28. Qd3 Bf6 29. h3 h5 30. g4 hxg4 31. hxg4 g5 32. fxg5 Be5 33. Qh3 b5 34. Qh6+
Kg8 35. g6 f6 36. Be2 Rc2 37. Rf2 d3 38. Bxd3 Rxf2 39. g5 Qc1+ 0-1

[Event "Titled Tue 27th May Late"]
[Site "chess.com INT"]
[Date "2025.05.27"]
[Round "8"]
[White "Vazelakis, Dimitrios"]
[Black "Simonovic, Miroslav"]
[Result "1-0"]
[BlackTitle "CM"]
[WhiteElo "1857"]
[BlackElo "2092"]
[WhiteFideId "4203674"]
[BlackFideId "919152"]
[EventDate "2025.05.27"]

1. d4 Nf6 2. Nc3 c5 3. dxc5 e6 4. e4 Bxc5 5. e5 Nd5 6. Nxd5 exd5 7. Qxd5 Qb6 8.
Qd2 Nc6 9. Nf3 O-O 10. Bd3 d6 11. O-O dxe5 12. Ng5 h6 13. Ne4 Be7 14. c3 f5 15.
Ng3 Be6 16. Qe3 Bc5 17. Qe2 Rad8 18. Be3 e4 19. Bc4 Kf7 20. Bxe6+ Kxe6 21. Qc4+
Rd5 22. Rad1 Rd8 23. Rxd5 Rxd5 24. Nxf5 Ne5 25. Bxc5 Qxc5 26. Qxc5 Rxc5 27. Nd4+
Kd5 28. Rd1 Nd3 29. Rd2 Kc4 30. Kf1 Rc8 31. b3+ Kd5 32. Ne2 Rf8 33. Ng3 Ke5 34.
Re2 Kd5 35. Nxe4 Nc1 36. Re1 Nxa2 37. c4+ Kd4 38. Ng3 Nb4 39. Re7 Nd3 40. f3 Nc5
41. Rxg7 a5 42. Rg6 1-0

[Event "Titled Tue 27th May Late"]
[Site "chess.com INT"]
[Date "2025.05.27"]
[Round "8"]
[White "Gustafsson, Jan"]
[Black "Nouali, Mohamed"]
[Result "1-0"]
[WhiteTitle "GM"]
[BlackTitle "FM"]
[WhiteElo "2591"]
[BlackElo "2157"]
[WhiteFideId "4625498"]
[BlackFideId "5502462"]
[EventDate "2025.05.27"]

1. Nf3 Nf6 2. c4 g6 3. b3 Bg7 4. Bb2 O-O 5. g3 d5 6. cxd5 Qxd5 7. Bg2 Nc6 8. Nc3
Qh5 9. h3 Rd8 10. a3 Qc5 11. b4 Qd6 12. Nb5 Qd7 13. Rc1 a6 14. Nbd4 Nxd4 15.
Bxd4 c6 16. O-O Qe8 17. d3 Nd5 18. Bxg7 Kxg7 19. Qd2 f6 20. Qb2 e5 21. e4 Nc7
22. d4 exd4 23. Nxd4 Qe5 24. Rfd1 Nb5 25. f4 Qc7 26. Nxb5 axb5 27. e5 fxe5 28.
fxe5 Be6 29. Rd6 Re8 30. Rf1 Re7 31. Rf6 Rae8 32. h4 Bc4 33. e6 Kg8 34. Qe5 Bxe6
35. h5 Bf5 36. Qd4 Re1+ 37. Kh2 Qg7 38. Qf4 R1e2 39. h6 Qe7 40. Qd4 Be4 41. Rfe6
Rxg2+ 42. Kh3 Bf5+ 43. Kxg2 Bxe6 44. Rxe6 Qf7 45. Rxe8+ 1-0

[Event "Titled Tue 27th May Late"]
[Site "chess.com INT"]
[Date "2025.05.27"]
[Round "8"]
[White "Movahed, Sina"]
[Black "Le, Tuan Minh"]
[Result "0-1"]
[WhiteTitle "GM"]
[BlackTitle "GM"]
[WhiteElo "2518"]
[BlackElo "2598"]
[WhiteFideId "42520835"]
[BlackFideId "12401153"]
[EventDate "2025.05.27"]

1. e4 e5 2. Nf3 Nc6 3. Bb5 a6 4. Ba4 Bc5 5. O-O Nge7 6. c3 Ng6 7. d4 Ba7 8. Bg5
f6 9. Be3 O-O 10. Nbd2 Kh8 11. Rc1 d6 12. Re1 Nce7 13. Bb3 Bd7 14. Nf1 Bg4 15.
h3 Bxf3 16. Qxf3 f5 17. exf5 Nxf5 18. Qxb7 exd4 19. cxd4 Bb6 20. Bc2 Qf6 21.
Bxf5 Qxf5 22. Ng3 Qf7 23. b3 Ne7 24. Qe4 Nd5 25. Qd3 Rae8 26. Nf1 a5 27. Re2 h6
28. Rce1 Re6 29. Bc1 Rf6 30. f3 Nb4 31. Qd1 Qg6 32. Re4 d5 33. Rg4 Qd3 34. Ba3
Qc3 35. Ne3 Re6 36. Bc1 Rfe8 37. Bd2 Qd3 38. Qe2 Qxe2 39. Rxe2 Nc2 40. Kf2 Nxd4
41. Re1 Nc2 42. Re2 Nxe3 43. Bxe3 Rxe3 0-1

[Event "Titled Tue 27th May Late"]
[Site "chess.com INT"]
[Date "2025.05.27"]
[Round "8"]
[White "Dambaev, Dashi"]
[Black "Perry, Patrick"]
[Result "1/2-1/2"]
[WhiteTitle "CM"]
[WhiteElo "2211"]
[BlackElo "2296"]
[WhiteFideId "55628494"]
[BlackFideId "30917727"]
[EventDate "2025.05.27"]

1. d4 Nf6 2. c4 c5 3. d5 e6 4. Nc3 exd5 5. cxd5 d6 6. Nf3 Nbd7 7. Bf4 Be7 8. e3
O-O 9. h3 Re8 10. Be2 Nf8 11. O-O Ng6 12. Bg3 a6 13. a4 Bf5 14. Nd2 Bf8 15. Qb3
Qc7 16. a5 Ne4 17. Ndxe4 Bxe4 18. Nxe4 Rxe4 19. f3 Rb4 20. Qc3 Be7 21. Qc2 Bf6
22. Ra2 Qe7 23. Qd2 Re8 24. e4 Be5 25. Be1 Qf6 26. Qc2 Rxb2 27. Rxb2 Bxb2 28.
Bc4 Bd4+ 29. Kh1 Ne5 30. Qb3 Nxc4 31. Qxc4 Qf4 32. Bc3 Bxc3 33. Qxc3 h5 34. Rb1
Re7 35. Rb6 f5 36. exf5 Qxf5 37. Rxd6 Qe5 38. Rd8+ Kh7 39. Qd3+ g6 40. d6 Qe1+
41. Kh2 Qe5+ 42. Kg1 Qe1+ 43. Qf1 Qe3+ 44. Kh1 Rf7 45. Qc4 Kg7 46. d7 Qe1+ 47.
Kh2 Qe5+ 48. Kg1 Qe3+ 49. Kh1 Qe1+ 50. Kh2 Qe5+ 51. Kh1 Qe1+ 1/2-1/2

[Event "Titled Tue 27th May Late"]
[Site "chess.com INT"]
[Date "2025.05.27"]
[Round "8"]
[White "Silva, Pedro Gil Ferreira Da"]
[Black "Brown, Akeem"]
[Result "0-1"]
[WhiteTitle "FM"]
[BlackTitle "CM"]
[WhiteElo "2262"]
[BlackElo "2055"]
[WhiteFideId "1946102"]
[BlackFideId "7402023"]
[EventDate "2025.05.27"]

1. e4 e5 2. Nf3 Nf6 3. Nxe5 d6 4. Nf3 Nxe4 5. d4 d5 6. Bd3 Bd6 7. O-O O-O 8. c4
c6 9. Qc2 Bf5 10. Nbd2 Re8 11. Re1 Na6 12. a3 h6 13. Nxe4 dxe4 14. Bxe4 Qe7 15.
Ne5 Bxe5 16. dxe5 Qxe5 17. f3 Nc5 18. Bd2 Bxe4 19. fxe4 Nxe4 20. Be3 f5 21. Rf1
b6 22. Bf4 Qc5+ 23. Kh1 Rad8 24. b4 Qd4 25. h3 Qd3 26. Qxd3 Rxd3 27. Kg1 g5 28.
Bh2 f4 29. Rfe1 Kf7 30. Re2 Kf6 31. Rae1 Kf5 32. g4+ fxg3 33. Bxg3 Rxg3+ 34. Kh2
Rf3 35. Rd1 Re7 36. Rd8 Rxa3 37. Rf8+ Ke5 38. Rf1 Rd3 39. b5 cxb5 40. cxb5 Kd4
41. Rfe1 Re5 42. Rb2 Rd2+ 43. Rxd2+ Nxd2 44. Ra1 Re7 45. Ra4+ Nc4 46. Ra2 Kc5
47. Kg3 Kxb5 48. Kg4 a5 49. Kh5 Re6 50. Rf2 a4 51. Rf5+ Kb4 0-1

[Event "Titled Tue 27th May Late"]
[Site "chess.com INT"]
[Date "2025.05.27"]
[Round "8"]
[White "Tekeyev, Zaur"]
[Black "Jumabayev, Rinat"]
[Result "1-0"]
[WhiteTitle "IM"]
[BlackTitle "GM"]
[WhiteElo "2417"]
[BlackElo "2551"]
[WhiteFideId "4199731"]
[BlackFideId "13702661"]
[EventDate "2025.05.27"]

1. e4 g6 2. d4 Bg7 3. Nf3 d6 4. Bc4 Nf6 5. Qe2 Nc6 6. e5 dxe5 7. dxe5 Ng4 8. e6
fxe6 9. Bxe6 Bxe6 10. Qxe6 Nge5 11. Nxe5 Bxe5 12. c3 Qd6 13. Qh3 Qd7 14. Qxd7+
Kxd7 15. Nd2 Rhf8 16. Nf3 Bd6 17. Bh6 Rf5 18. O-O-O a5 19. a4 b5 20. axb5 Rxb5
21. Kc2 a4 22. Bc1 Rf5 23. Rhe1 Kc8 24. Re4 a3 25. bxa3 Bxa3 26. Bxa3 Rxa3 27.
Rd2 Rb5 28. Rc4 Ra2+ 29. Kd1 Rxd2+ 30. Kxd2 Rd5+ 31. Ke3 Kb7 32. Re4 Rd6 33. h4
h6 34. g4 Rf6 35. Nd2 Kc8 36. f4 Kd7 37. Nb3 Rd6 38. Nc5+ Ke8 39. Ne6 Kf7 40.
Nxc7 Rd7 41. Nb5 Na5 42. Rb4 Nc6 43. Rc4 Nd8 44. Nd4 Nb7 45. Nc6 Rd6 46. Ne5+
Ke8 47. Rc7 Nd8 48. Rc8 Rb6 49. c4 Re6 50. c5 g5 51. c6 gxf4+ 52. Kxf4 1-0

[Event "Titled Tue 27th May Late"]
[Site "chess.com INT"]
[Date "2025.05.27"]
[Round "8"]
[White "Leinov, Roman"]
[Black "Gomez Gonzales, Fabiana"]
[Result "1-0"]
[WhiteTitle "CM"]
[BlackTitle "WCM"]
[WhiteElo "2120"]
[BlackElo "1843"]
[WhiteFideId "13504649"]
[BlackFideId "3860191"]
[EventDate "2025.05.27"]

1. Nf3 d5 2. g3 Nf6 3. Bg2 c5 4. O-O g6 5. d4 Bg7 6. c4 O-O 7. cxd5 Nxd5 8. Nc3
cxd4 9. Nxd4 Nxc3 10. bxc3 e5 11. Nb3 Nc6 12. Ba3 Re8 13. Qd6 Bf5 14. Rfd1 Qxd6
15. Bxd6 e4 16. Nd4 Nxd4 17. cxd4 Rad8 18. Bc7 Rxd4 19. Rxd4 Bxd4 20. Rd1 Re7
21. Rxd4 Rxc7 22. Bxe4 Bxe4 23. Rxe4 Rc2 24. Re7 a5 25. a4 Rb2 26. e3 Kf8 27.
Rc7 Rb4 28. Kg2 Ke8 29. Kf3 b5 30. axb5 Rxb5 31. h4 Rf5+ 32. Kg2 Re5 33. Ra7 Rb5
34. g4 h6 35. Kg3 Kf8 36. f3 Kg7 37. f4 g5 38. hxg5 hxg5 39. Kf3 gxf4 40. exf4
Rb3+ 41. Ke4 Rg3 42. g5 Rg4 43. Kf5 Rg2 44. Rxa5 Rb2 45. Ra7 Rb5+ 46. Kg4 Kg6
47. Ra6+ Kg7 48. f5 Rb4+ 49. Kh5 Rf4 50. f6+ Kh7 51. Ra7 Kg8 52. Ra8+ Kh7 53.
Rf8 Rf2 54. Rxf7+ Kg8 55. Ra7 Rh2+ 56. Kg6 1-0

[Event "Titled Tue 27th May Late"]
[Site "chess.com INT"]
[Date "2025.05.27"]
[Round "8"]
[White "Aronian, Levon"]
[Black "Lazavik, Denis"]
[Result "1-0"]
[WhiteTitle "GM"]
[BlackTitle "GM"]
[WhiteElo "2747"]
[BlackElo "2577"]
[WhiteFideId "13300474"]
[BlackFideId "13515110"]
[EventDate "2025.05.27"]

1. d4 Nf6 2. Nf3 b6 3. e3 Bb7 4. Bd3 e6 5. O-O d5 6. b3 Be7 7. Bb2 O-O 8. Nbd2
Nbd7 9. c4 a5 10. cxd5 Nxd5 11. e4 Nf4 12. Bc4 c5 13. g3 Ng6 14. Re1 cxd4 15.
Bxd4 Bc5 16. Bxc5 Nxc5 17. Qe2 Qf6 18. Qe3 Rfd8 19. Rab1 Ne5 20. Nxe5 Qxe5 21.
Re2 h6 22. f3 Rd4 23. a3 Rad8 24. b4 axb4 25. Rxb4 Qd6 26. Nf1 Nd7 27. Reb2 Ne5
28. Be2 Rxb4 29. Rxb4 Nd7 30. Nd2 Qc7 31. Nb3 Ra8 32. Nd4 Qc5 33. Kf2 Nf6 34.
Nb5 Qc6 35. Rc4 Qd7 36. Rc7 Qd8 37. Rxb7 Nh7 38. Qxb6 Qf8 39. Qd6 Qc8 40. Qc7
Qf8 41. Nd6 Ng5 42. h4 Nh3+ 43. Kg2 1-0

[Event "Titled Tue 27th May Late"]
[Site "chess.com INT"]
[Date "2025.05.27"]
[Round "8"]
[White "Garzon Zapatanga, Christopher Leonel"]
[Black "Khodabandeh, Milad"]
[Result "1-0"]
[WhiteTitle "FM"]
[BlackTitle "CM"]
[WhiteElo "2168"]
[BlackElo "1957"]
[WhiteFideId "3634787"]
[BlackFideId "12538620"]
[EventDate "2025.05.27"]

1. b3 e5 2. Bb2 Nc6 3. e3 d6 4. Nf3 Nge7 5. d4 g6 6. dxe5 Bg7 7. c4 O-O 8. Be2
Nxe5 9. Nxe5 dxe5 10. O-O c6 11. Nc3 Qc7 12. g3 Bh3 13. Re1 Rad8 14. Qc2 f5 15.
Rad1 h5 16. Bf1 Bg4 17. Rxd8 Rxd8 18. Bg2 e4 19. Ne2 Bxb2 20. Qxb2 Bxe2 21. Qxe2
Qd6 22. f3 exf3 23. Bxf3 Kg7 24. e4 Qd4+ 25. Kg2 Qc3 26. Rd1 Rxd1 27. Qxd1 Qb2+
28. Kh3 fxe4 29. Bxe4 Qe5 30. Qf3 a5 31. Bd3 b5 32. Kg2 b4 33. Qf2 c5 34. Qf4
Qxf4 35. gxf4 Kf6 36. Kf3 Nf5 37. Ke4 Ke6 38. Bf1 Nd6+ 39. Kf3 Kf6 40. Bh3 Nf5
41. Ke4 Ke6 42. Bg2 Nd6+ 43. Ke3 Kf5 44. Bh3+ Kf6 45. Bd7 h4 46. Kf3 g5 47. Kg4
gxf4 48. Kxf4 Ke7 49. Bh3 Kf6 50. Bg2 Nf7 51. Kg4 Ke5 52. Kxh4 Kd4 53. Kg4 Kc3
54. Bd5 Nh8 55. Bf3 Kb2 56. Bd1 Kxa2 57. h4 Kb2 58. Kf3 1-0

[Event "Titled Tue 27th May Late"]
[Site "chess.com INT"]
[Date "2025.05.27"]
[Round "8"]
[White "Sjugirov, Sanan"]
[Black "Svane, Frederik"]
[Result "0-1"]
[WhiteTitle "GM"]
[BlackTitle "GM"]
[WhiteElo "2638"]
[BlackElo "2671"]
[WhiteFideId "4189302"]
[BlackFideId "12923044"]
[EventDate "2025.05.27"]

1. c4 e5 2. g3 d6 3. Bg2 f5 4. Nc3 Be7 5. d4 Nf6 6. Nf3 e4 7. Ng5 c6 8. d5 h6 9.
Nh3 O-O 10. Nf4 Na6 11. O-O Qe8 12. f3 exf3 13. exf3 Qf7 14. Re1 Nc7 15. h4 Re8
16. Be3 Bd7 17. Bf2 c5 18. Qd2 Bf8 19. b3 b5 20. Bf1 b4 21. Nce2 a5 22. Nd3 a4
23. Nef4 g6 24. Rxe8 Rxe8 25. Re1 Bg7 26. Rxe8+ Qxe8 27. Nb2 a3 28. Nbd3 g5 29.
hxg5 hxg5 30. Nh3 g4 31. Ng5 gxf3 32. Nxf3 Ne4 33. Qf4 Nxf2 34. Kxf2 Qe7 35. Qh4
Bf6 36. Qh5 Ne8 37. Nf4 Bg7 38. Bh3 Nf6 39. Qg6 Ne4+ 40. Kg2 Qf6 41. Qxf6 Bxf6
42. Ne2 Kg7 43. Ne1 Kg6 44. Nc2 Be5 0-1

[Event "Titled Tue 27th May Late"]
[Site "chess.com INT"]
[Date "2025.05.27"]
[Round "8"]
[White "Ragger, Markus"]
[Black "Avila Bautista, Roberto Al"]
[Result "1/2-1/2"]
[WhiteTitle "GM"]
[BlackTitle "FM"]
[WhiteElo "2566"]
[BlackElo "2306"]
[WhiteFideId "1610856"]
[BlackFideId "5119987"]
[EventDate "2025.05.27"]

1. d4 Nf6 2. c4 c5 3. d5 e6 4. Nc3 exd5 5. cxd5 d6 6. Nf3 g6 7. Bf4 Bg7 8. h3
O-O 9. e3 Na6 10. Be2 Nc7 11. O-O a6 12. a4 Rb8 13. a5 b5 14. axb6 Rxb6 15. Ra2
Re8 16. Bh2 Bf5 17. Nd2 Nfxd5 18. Nxd5 Nxd5 19. Nc4 Nb4 20. Nxb6 Nxa2 21. Qxd6
Qxd6 22. Bxd6 Bxb2 23. Bxc5 a5 24. Nd5 Be6 25. Bc4 Nb4 26. Nc7 Bxc4 27. Nxe8
Bxf1 28. Kxf1 Nd3 29. Bd6 a4 30. Ke2 Ne5 31. Nf6+ Kg7 32. Nd5 Nc4 33. Bc5 a3 34.
Nb4 Kf6 35. Kd3 Ne5+ 36. Kc2 Ke6 37. Na2 Kd5 38. Bf8 f5 39. Nb4+ Kc4 40. Na2 Nd3
41. f3 Ne5 42. Bg7 Nd3 43. Bf8 Ne5 44. Kd2 Nd3 45. Kc2 1/2-1/2

[Event "Titled Tue 27th May Late"]
[Site "chess.com INT"]
[Date "2025.05.27"]
[Round "8"]
[White "Vykouk, Jan"]
[Black "Demchenko, Anton"]
[Result "0-1"]
[WhiteTitle "IM"]
[BlackTitle "GM"]
[WhiteElo "2496"]
[BlackElo "2619"]
[WhiteFideId "349658"]
[BlackFideId "4160258"]
[EventDate "2025.05.27"]

1. e4 d6 2. d4 Nf6 3. Nc3 e5 4. dxe5 dxe5 5. Qxd8+ Kxd8 6. Bc4 Ke8 7. f4 Bb4 8.
Bd3 Nc6 9. Nf3 Bg4 10. h3 Bxf3 11. gxf3 Nh5 12. fxe5 Nxe5 13. Kf2 c6 14. Be2 Ng6
15. Be3 Ngf4 16. Bc4 Ba5 17. Ne2 Bb6 18. Nxf4 Nxf4 19. Bxb6 axb6 20. Ke3 Nh5 21.
f4 Ke7 22. Rad1 b5 23. Bb3 Rhd8 24. a3 g6 25. Kf3 Ng7 26. c3 Ne8 27. e5 Ng7 28.
h4 c5 29. Bd5 Rd7 30. Be4 Rad8 31. Rxd7+ Rxd7 32. Rh2 f6 33. exf6+ Kxf6 34. b4
c4 35. Ke3 Re7 36. Kf3 Rd7 37. Re2 Nh5 38. Bc2 Rd5 39. Be4 Rd1 40. Bxb7 Rc1 41.
Bc6 Rxc3+ 42. Re3 Rc1 43. Bxb5 c3 44. Rd3 Ng7 45. Rd6+ Ke7 46. Rc6 Nf5 47. Bd3
Nd4+ 0-1

[Event "Titled Tue 27th May Late"]
[Site "chess.com INT"]
[Date "2025.05.27"]
[Round "8"]
[White "Szpar, Milosz"]
[Black "Rasulov, Vugar"]
[Result "0-1"]
[WhiteTitle "IM"]
[BlackTitle "GM"]
[WhiteElo "2475"]
[BlackElo "2485"]
[WhiteFideId "1184989"]
[BlackFideId "13402390"]
[EventDate "2025.05.27"]

1. e4 a6 2. d4 e6 3. Bd3 d5 4. e5 c5 5. c3 Bd7 6. dxc5 Bxc5 7. Qg4 g6 8. Nf3 Nc6
9. O-O Qc7 10. Re1 Be7 11. Nbd2 f6 12. exf6 Nxf6 13. Qg3 Qxg3 14. hxg3 O-O 15.
Nb3 Ng4 16. Bf4 Rae8 17. Re2 Kg7 18. Rae1 h6 19. Nbd4 g5 20. Bd2 Nxd4 21. cxd4
Bf6 22. Bb4 Rf7 23. Rc2 Rc8 24. Rxc8 Bxc8 25. Rc1 Bd7 26. Bd6 a5 27. Rc5 a4 28.
Bb5 h5 29. Be2 Bc6 30. b4 axb3 31. axb3 Rd7 32. Bb8 Rd8 33. Bc7 Ra8 34. b4 Ra1+
35. Bf1 Nh6 36. b5 Be8 37. Be5 Nf5 38. Rc7+ Kg6 39. Rxb7 g4 40. Bxf6 Kxf6 41.
Ne5 Nxd4 42. Nd3 Ne2+ 43. Kh2 Rxf1 44. b6 Rb1 45. Nc5 Rb5 46. Na6 d4 47. Nc7 Rb1
48. Rb8 Bc6 49. Rd8 Rxb6 0-1

[Event "Titled Tue 27th May Late"]
[Site "chess.com INT"]
[Date "2025.05.27"]
[Round "8"]
[White "Gyurjinyan, Valter"]
[Black "Shukhman, Anna"]
[Result "0-1"]
[WhiteTitle "CM"]
[BlackTitle "WGM"]
[WhiteElo "2208"]
[BlackElo "2413"]
[WhiteFideId "13318179"]
[BlackFideId "54180058"]
[EventDate "2025.05.27"]

1. e4 c5 2. Nf3 d6 3. d4 cxd4 4. Nxd4 Nf6 5. Nc3 g6 6. Be3 Nc6 7. f3 h5 8. Qd2
Nxd4 9. Bxd4 Bh6 10. Be3 Bxe3 11. Qxe3 Be6 12. O-O-O Rc8 13. Kb1 Qa5 14. a3 h4
15. Rd4 Rh5 16. Be2 Rhc5 17. b4 Qxa3 18. bxc5 Rxc5 19. Nd5 Qa5 20. Bc4 Bxd5 21.
exd5 Qb6+ 22. Bb3 Rxd5 23. Re1 Re5 24. Re4 Nxe4 25. fxe4 Qxe3 26. Rxe3 e6 27.
Kc1 d5 28. Ba4+ Kf8 29. Rb3 Rxe4 30. Bb5 Re1+ 31. Kd2 Rh1 32. Be2 Rxh2 33. Rxb7
Rxg2 34. Rxa7 h3 35. Ra3 h2 36. Rh3 d4 37. Kd3 e5 38. Bf3 Rf2 39. Bd5 f5 40. Kc4
Rxc2+ 41. Kb5 d3 42. Rxd3 e4 43. Rh3 Kg7 44. Kb4 Kf6 45. Bb3 Rg2 46. Kc3 Ke5 0-1

[Event "Titled Tue 27th May Late"]
[Site "chess.com INT"]
[Date "2025.05.27"]
[Round "8"]
[White "Liu, Jason"]
[Black "Rostomyan, Mikayel"]
[Result "0-1"]
[WhiteTitle "CM"]
[BlackTitle "FM"]
[WhiteElo "2064"]
[BlackElo "2325"]
[WhiteFideId "2514656"]
[BlackFideId "13313754"]
[EventDate "2025.05.27"]

1. e4 Nf6 2. e5 Ng8 3. d4 d6 4. exd6 cxd6 5. Nf3 g6 6. Bd3 Bg7 7. O-O Nf6 8. Re1
O-O 9. c3 Nc6 10. Bg5 a6 11. Nbd2 b5 12. Ne4 Nxe4 13. Bxe4 d5 14. Bd3 Re8 15.
Qd2 Bg4 16. Ne5 Nxe5 17. dxe5 Qc7 18. f4 Rad8 19. Qe3 Qd7 20. h3 Be6 21. Qd4 Rc8
22. Kh2 Qc7 23. g4 Qc5 24. f5 Qxd4 25. cxd4 Bd7 26. Rac1 e6 27. fxe6 fxe6 28.
Rxc8 Rxc8 29. Rc1 Rxc1 30. Bxc1 Bf8 31. Kg3 Be7 32. Bd2 Kf7 33. a3 Bd8 34. Bb4
Bb6 35. Bc5 Ba5 36. b4 Bd8 37. Kf4 Bh4 38. Ke3 Bg5+ 39. Ke2 Bc1 40. Kd1 Bf4 41.
Bd6 Be3 42. Bc5 Kg7 43. Ke2 Bf4 44. Be7 Be8 45. Kd1 h5 46. Kc2 Be3 47. Bc5 Kh6 0-1

[Event "Titled Tue 27th May Late"]
[Site "chess.com INT"]
[Date "2025.05.27"]
[Round "8"]
[White "Andrade, Ivan"]
[Black "Korkmaz, Necmettin"]
[Result "0-1"]
[WhiteTitle "FM"]
[BlackTitle "CM"]
[WhiteElo "2161"]
[BlackElo "2059"]
[WhiteFideId "14800039"]
[BlackFideId "6303285"]
[EventDate "2025.05.27"]

1. e4 e6 2. d4 d5 3. Nc3 Nf6 4. e5 Nfd7 5. Nce2 c5 6. c3 Nc6 7. Nf3 Qb6 8. g3
cxd4 9. cxd4 Bb4+ 10. Bd2 f6 11. Bh3 fxe5 12. Bxe6 Nf6 13. Bxc8 Rxc8 14. dxe5
Ne4 15. O-O Nxd2 16. Nxd2 Nxe5 17. Qa4+ Nc6 18. Rad1 O-O 19. Nf4 Rxf4 20. gxf4
Nd4 21. Kh1 Bd6 22. Nb3 Nf3 23. Rxd5 Bb8 24. Rd3 Nh4 25. Qd7 Rf8 26. Qd5+ Kh8
27. f5 Qc7 28. f4 Nxf5 29. Qd7 Qc4 30. Qxf5 Rxf5 31. Rd8+ Qg8 32. Rxg8+ Kxg8 33.
Kg2 Rxf4 34. Rxf4 Bxf4 35. Kf3 Be5 36. h3 Bxb2 37. Nc5 b6 38. Nd3 Bf6 39. Nb4
Kf7 40. Nc6 a5 41. Na7 Bd4 42. Ke4 Bc5 43. Nc6 g5 44. Kf5 h6 45. Ne5+ Kg7 46. a4
Bd6 47. Ng4 Bc5 0-1

[Event "Titled Tue 27th May Late"]
[Site "chess.com INT"]
[Date "2025.05.27"]
[Round "8"]
[White "Baladjaev, Gara"]
[Black "Reinecke, Katharina"]
[Result "0-1"]
[WhiteTitle "FM"]
[BlackTitle "WCM"]
[WhiteElo "2404"]
[BlackElo "1921"]
[WhiteFideId "13401785"]
[BlackFideId "12929727"]
[EventDate "2025.05.27"]

1. d4 d5 2. c4 c6 3. Nf3 Nf6 4. g3 Bg4 5. Bg2 e6 6. O-O Bd6 7. Nc3 O-O 8. Bg5 h6
9. Bxf6 Qxf6 10. e4 Bb4 11. cxd5 cxd5 12. exd5 Bxc3 13. bxc3 exd5 14. h3 Bh5 15.
Rb1 Qe7 16. g4 Bg6 17. Rb5 Be4 18. Re1 Qd7 19. Qb3 a6 20. Rxb7 Qc8 21. Ne5 Bxg2
22. Kxg2 Nc6 23. Nxc6 Qxc6 24. Ree7 h5 25. Rb6 Qc8 26. Qxd5 hxg4 27. Rc6 gxh3+
28. Kh2 Qg4 29. Qe4 Qg2+ 30. Qxg2 hxg2 31. Kxg2 Rac8 32. Rxc8 Rxc8 33. Re3 f5
34. Kf3 Kf7 35. Ke2 g5 36. Kd3 f4 37. Re5 Kf6 38. Ra5 Rc6 39. d5 Rd6 40. c4 Ke5
41. Rc5 g4 42. Rc8 g3 43. Re8+ Kf5 44. Rf8+ Kg4 45. fxg3 fxg3 46. Rg8+ Kf3 47.
Kd4 g2 48. c5 Rf6 49. d6 Rf4+ 50. Kd3 Kf2 0-1

[Event "Titled Tue 27th May Late"]
[Site "chess.com INT"]
[Date "2025.05.27"]
[Round "8"]
[White "Puzyrevsky, Semyon"]
[Black "Mizzi, Jack"]
[Result "1-0"]
[WhiteTitle "FM"]
[BlackTitle "CM"]
[WhiteElo "2253"]
[BlackElo "2086"]
[WhiteFideId "24240931"]
[BlackFideId "5602521"]
[EventDate "2025.05.27"]

1. e4 c6 2. d4 d5 3. e5 c5 4. dxc5 e6 5. Be3 Qc7 6. Nc3 a6 7. Na4 Nd7 8. b4 Qxe5
9. Nf3 Qc7 10. c4 dxc4 11. Bxc4 b5 12. Bb3 bxa4 13. Bxa4 Nf6 14. O-O Be7 15. Nd4
O-O 16. Qf3 Nd5 17. Bc6 Ne5 18. Qg3 Nxc6 19. Qxc7 Nxc7 20. Nxc6 Bf6 21. Rad1 Nd5
22. Bd4 Bb7 23. Na5 Bc8 24. Bxf6 gxf6 25. Rd4 Rb8 26. a3 Bd7 27. Re1 Ba4 28. f4
Rfd8 29. Re2 Nc3 30. Rxd8+ Rxd8 31. Re3 Nd5 32. Rd3 Rc8 33. f5 Bc2 34. Rg3+ Kf8
35. Nc4 Bxf5 36. Nd6 Rd8 37. Kf2 Ne7 38. Rc3 Nd5 39. Rc4 Bd3 40. Rd4 Bb5 41. Rh4
Kg7 42. Rg4+ Kf8 43. Rh4 Bd3 44. Rd4 Bg6 45. a4 Ke7 46. Nb7 Rb8 47. c6 Bc2 48.
b5 axb5 49. axb5 Nb6 50. Na5 Rc8 51. Ke3 Ba4 52. Rxa4 Nxa4 53. Kd4 1-0

[Event "Titled Tue 27th May Late"]
[Site "chess.com INT"]
[Date "2025.05.27"]
[Round "8"]
[White "Yang, Daniel"]
[Black "Moiseenko, Alexander"]
[Result "0-1"]
[WhiteTitle "CM"]
[BlackTitle "GM"]
[WhiteElo "2213"]
[BlackElo "2568"]
[WhiteFideId "30976340"]
[BlackFideId "14102560"]
[EventDate "2025.05.27"]

1. Nf3 d5 2. c4 d4 3. g3 c5 4. Bg2 Nc6 5. O-O e5 6. d3 f6 7. a3 Be6 8. e3 a5 9.
exd4 cxd4 10. Re1 Qd7 11. Nbd2 Nh6 12. Ne4 Nf7 13. Bd2 a4 14. b4 axb3 15. Qxb3
Be7 16. Qb5 O-O 17. Nc5 Bxc5 18. Qxc5 Bf5 19. Bf1 Bg4 20. Bg2 Qf5 21. Nh4 Qxd3
22. Bb4 Nxb4 23. Qxb4 Ng5 24. Qxb7 Rab8 25. Qd5+ Be6 26. Qa5 Qxc4 27. Rac1 Qb5
28. Qxb5 Rxb5 29. f4 Nf7 30. fxe5 fxe5 31. a4 Ra5 32. Bc6 Rd8 33. Nf3 h6 34. Nd2
Bd5 35. Bb5 Ra7 36. Ne4 Bxe4 37. Rxe4 Ng5 38. Re2 d3 39. Rf2 e4 40. Bc4+ Kh8 41.
Rd1 Nh3+ 42. Kg2 Nxf2 43. Kxf2 Rxa4 44. Bb3 Rb4 45. Be6 Rb2+ 46. Ke3 Re2+ 47.
Kf4 Rf8+ 48. Ke5 d2 49. Bg4 Rxh2 50. Kxe4 Rhf2 51. Be6 g6 52. Ke5 h5 53. g4 Kh7
54. gxh5 gxh5 55. Bd5 Kh6 56. Be4 Re2 57. Kd4 Rd8+ 58. Kc3 Rxe4 59. Rxd2 0-1